000 00421nam a2200169Ia 4500
001 68483
008 150918s9999 xx 000 0 und d
020 _a0395967406
040 _cPK-LaUMT
082 _aRCC 425
_bLAN-
245 _aLanguage network
_bgrammar, writing, communication
260 _aEvanston,USA:
_bMcDougal Littell,
_c2001
300 _a704 p.
546 _aEN
650 _aEnglis-Grammar
942 _cBK
999 _c76076
_d76076